MARC

LEADER 00000nam0a2200000 4500
001 149274
005 20231031145809.0
035 |a (RuTPU)RU\TPU\book\161820 
090 |a 149274 
100 |a 20081213d1988 m y0rusy50 ca 
101 0 |a rus 
102 |a RU 
105 |a a z 001zy 
200 1 |a Методология прогноза нефтегазоносности  |f Западно-Сибирский научно-исследовательский геологоразведочный нефтяной институт (ЗапСибНИГНИ); под ред. В. И. Шпильмана 
210 |a Тюмень  |c ЗапСибНИГНИ  |d 1988 
215 |a 157 с.  |c ил. 
320 |a Библиография в конце глав. 
610 1 |a нефтегазоносность 
610 1 |a методология прогноза 
610 1 |a моделирование процесса 
610 1 |a тектонические процессы 
610 1 |a расчеты 
675 |a 553.98.044  |v 3 
702 1 |a Шпильман  |b В. И.  |4 340 
712 0 2 |a Западно-Сибирский научно-исследовательский геологоразведочный нефтяной институт (ЗапСибНИГНИ)  |c (Тюмень)  |2 stltpush  |3 (RuTPU)RU\TPU\col\2064 
801 1 |a RU  |b 63413507  |c 20081213  |g PSBO 
801 2 |a RU  |b 63413507  |c 20090113  |g PSBO 
942 |c BK